| 000 | 00390 a2200169 4500 | ||
|---|---|---|---|
| 001 | 46624 | ||
| 020 | _a9788506062708 | ||
| 040 | _cAnchieta - Aquarius | ||
| 100 | _aLeite, Verónica | ||
| 240 | 1 | 0 |
_aUma história para Alice _lpor |
| 245 | 1 | 0 | _aUma história para Alice |
| 300 | _a | ||
| 362 | 0 | _a2010 | |
| 440 | 1 | _aMelhoramentos | |
| 650 | 4 | _aLiteratura infanto-juvenil | |
| 942 | _cBK | ||
| 999 |
_c46624 _d46624 |
||